000 00467nam a2200157Ia 4500
008 210716s2005 xx 000 0 und d
020 _a8173664455
041 _aeng
082 _a005.8 KORY
100 _aKorff, Yanek; Hope, Paco; Potter, Bruce.
245 _aMastering freebsd and open bsd security.
250 _a1
260 _aMumbai
_bShroff Publishers and Distributors Pvt Ltd
_c2005
300 _axiv,445
650 _aCryptography-Data encryption(005.82)
999 _c187232
_d187232